| Поле | Инд. | ПП | Название | Значение |
|---|---|---|---|---|
| Тип записи | a | |||
| Библиографический уровень | m | |||
| 001 | Контрольный номер | RU/IS/BASE/544882616 | ||
| 005 | Дата корректировки | 20240327093644.6 | ||
| 040 | b | Код языка каталог. | rus | |
| 041 | 0_ | a | Код языка текста | rus |
| 080 | a | Индекс УДК | 004.77 | |
| 084 | a | Индекс другой классификации/Индекс ББК | 32.971.353 | |
| 090 | c | Каталожный индекс | 681.324 | |
| x | Авторский знак | Н19 | ||
| 097 | b | Оператор | 02 | |
| 100 | 1_ | a | Автор | Назаренко А. И. |
| 245 | 10 | a | Заглавие | Мониторинг процесса продвижения веб-сайтов в поисковых системах |
| b | Продолж. заглавия | дисс. на соиск. степени магистра техн. наук : 1-23 80 08 | ||
| c | Ответственность | науч. рук. С. Л. Флерко | ||
| h | Физич. носитель | только электронный вариант | ||
| 260 | a | Место издания | Минск | |
| b | Издательство | БГУИР | ||
| c | Дата издания | 2016 | ||
| 510 | 0_ | a | Примечание о ссылках | Диссертации и авторефераты диссертаций |
| 653 | 1_ | a | Ключевые слова | сайты |
| 901 | t | Тип документа | d |